Normal view
MARC view
Entry Topical Term
001 - CONTROL NUMBER
- control field: 4635
003 - CONTROL NUMBER IDENTIFIER
- control field: NLI
005 - DATE AND TIME OF LATEST TRANSACTION
- control field: 20210413172126.0
008 - FIXED-LENGTH DATA ELEMENTS
- fixed length control field: 210413|| aca||aabn | a|a d
040 ## - CATALOGING SOURCE
- Original cataloging agency: NLI
- Transcribing agency: NLI
150 ## - HEADING--TOPICAL TERM
- Topical term or geographic name entry element: Asset-liability management
- Geographic subdivision: India
- Geographic subdivision: Barak Valley
670 ## - SOURCE DATA FOUND
- Source citation: Work cat.: (NLI): 880-01 Ahmed, Jaynal Uddin, 4633, Asset quality and non performing assets of commercial banks/, 2008
